| 000 | 00644nam a2200229Ia 4500 | ||
|---|---|---|---|
| 003 | OSt | ||
| 005 | 20220924115018.0 | ||
| 006 | a|||||r|||| 00| 0 | ||
| 007 | ta | ||
| 008 | 220923b |||||||| |||| 00| 0 san d | ||
| 024 | _a59024 | ||
| 037 | _cTextual | ||
| 040 |
_aARTS _cARTS _bsan |
||
| 041 |
_2san _asan |
||
| 082 | _aQ132:24, 15K4 | ||
| 100 |
_aGoswami Sitanath Ed. _9176431 |
||
| 245 | 0 |
_aKenopanisad _b Bengali tr by Himansu Chakravarti |
|
| 260 |
_aCalcutta _bSanskrit Pustak Bhandar _c1964 |
||
| 650 | _aRELIGION | ||
| 942 |
_hQ132:24, 15K4 _cTEXL _2CC |
||
| 999 |
_c396374 _d396374 |
||